Table for two : English for restaurant
This book is built on the academic content of a professional coursebook. The students practice both the receptive and productive skills of English: listening, reading, writing and speaking, through motivating activities of action and interaction with peers.
Αποθηκεύτηκε σε:
| Μορφή: | Βιβλίο |
|---|---|
| Γλώσσα: | Undetermined |
| Έκδοση: |
Thành phố Hồ Chí Minh
Tổng hợp
2014
|
| Θέματα: | |
| Ετικέτες: |
Προσθήκη ετικέτας
Δεν υπάρχουν, Καταχωρήστε ετικέτα πρώτοι!
|
| Thư viện lưu trữ: | Trung tâm Học liệu Trường Đại học Cần Thơ |
|---|
| LEADER | 00923nam a2200217Ia 4500 | ||
|---|---|---|---|
| 001 | CTU_202273 | ||
| 008 | 210402s9999 xx 000 0 und d | ||
| 020 | |c 348000 | ||
| 082 | |a 428.34024642 | ||
| 082 | |b T113 | ||
| 245 | 0 | |a Table for two : | |
| 245 | 0 | |b English for restaurant | |
| 245 | 0 | |c Lourdes Pomposo Yanes ... [et al.] | |
| 260 | |a Thành phố Hồ Chí Minh | ||
| 260 | |b Tổng hợp | ||
| 260 | |c 2014 | ||
| 520 | |a This book is built on the academic content of a professional coursebook. The students practice both the receptive and productive skills of English: listening, reading, writing and speaking, through motivating activities of action and interaction with peers. | ||
| 650 | |a English language,Restaurant management,Anh ngữ,Quản lý khách sạn | ||
| 650 | |x Terminology,Thuật ngữ | ||
| 904 | |i Tuyến | ||
| 980 | |a Trung tâm Học liệu Trường Đại học Cần Thơ | ||